000 01741cam a2200337 a 4500
001 16858195
003 OSt
005 20260217102616.0
008 110706s2011 enk b 001 0 eng d
010 _a 2011933691
020 _a9780199699414
020 _a0199699410
035 _a(OCoLC)ocn733232206
040 _aBTCTA
_beng
_cBTCTA
_dYDXCP
_dBWK
_dUKMGB
_dCDX
_dUAB
_dDLC
042 _alccopycat
082 _a342.0872 MCH
100 1 _aMcHugh, Paul G.
245 1 0 _aAboriginal title :
_bthe modern jurisprudence of tribal land rights /
_cP. G. McHugh
260 _aOxford :
_bOxford University Press,
_c2011.
300 _axix, 356 p. ;
_c25 cm.
505 _aTable of Cases List of Abbreviations 1. Profile of a Modern Jurisprudence – An Idea whose Time Had Come I 2. Common Law Aboriginal Title and its Pipers ar the Gate of Dawn-Cestation (1970s) and Breakthrough (1980s) 25 3. Doctrinal Pathways in Canada and Australia - The Devil in the Detail of a Maturing Jurisprudence 106 4. Aboriginal Title in the New Century and New Contexts: Fraternal Impact, International Influence 189 5. Aboriginal Title Within and Across Disciplinary Boundaries—{nlhlopologists, Historians, and Political Philosophers 240 6. Aboriginal Title – Diagnosis and Prognosis
650 0 _aIndigenous peoples
_xLand tenure.
650 0 _aLand tenure
_xLaw and legislation
_xHistory.
650 0 _aIndigenous peoples
_xGovernment relations.
856 4 1 _3Table of contents
_uhttp://www.loc.gov/catdir/toc/fy12pdf01/2011933691.html
906 _a7
_bcbc
_ccopycat
_d2
_eepcn
_f20
_gy-gencatlg
936 _aPR 729371219
942 _2ddc
_cBK
999 _c112849
_d112849